Μακροοικονομική
Αποθηκεύτηκε σε:
| Κύριοι συγγραφείς: | , , |
|---|---|
| Άλλοι συγγραφείς: | |
| Μορφή: | Βιβλίο |
| Γλώσσα: | Greek English |
| Δημοσίευση: |
Αθήνα :
Κριτική,
c2017.
|
| Έκδοση: | 3η έκδ. |
| Θέματα: | |
| Ετικέτες: |
Προσθήκη ετικέτας
Δεν υπάρχουν, Καταχωρήστε ετικέτα πρώτοι!
|
MARC
| LEADER | 00000cam a2200000 a 4500 | ||
|---|---|---|---|
| 001 | 1/115293 | ||
| 008 | 171018t2017####gr | ||| |||| ||gre|| | ||
| 020 | |a 9789605862022 |q (χαρτόδετο) | ||
| 040 | |a GR-MyUa |b gre |c GR-MyUa |e AACR2 | ||
| 041 | 1 | |a gre |h eng | |
| 082 | 7 | |a 339 |2 (23) | |
| 100 | 1 | |a Abel, Andrew B., |d 1952- | |
| 245 | 1 | 0 | |a Μακροοικονομική / |c Andrew B. Abel, Ben S. Bernanke, Dean Croushore ; επιμέλεια Νικόλαος Γιαννέλλης ; μετάφραση Γιάννης Λαντούρης. |
| 250 | |a 3η έκδ. | ||
| 260 | |a Αθήνα : |b Κριτική, |c c2017. | ||
| 300 | |a 653, [2] σ. : |b πίν., σχέδια ; |c 30 εκ. | ||
| 500 | |a Τίτλος πρωτοτύπου: Macroeconomics. | ||
| 504 | |a Ευρετήριο: σ. 651-653. | ||
| 650 | 0 | |a Macroeconomics. | |
| 651 | 0 | |a United States |x Economic conditions. | |
| 700 | 1 | |a Bernanke, Ben S. |e aut | |
| 700 | 1 | |a Croushore, Dean, |e aut | |
| 700 | 1 | |a Λαντούρης, Γιάννης, |e trl | |
| 852 | |a INST |b CHIOS |e 20171018 |h 339 ABE |p 005200038245 |q 005200038245 |t BK |y 0 | ||
| 852 | |a INST |b CHIOS |e 20171018 |h 339 ABE |p 005200038246 |q 005200038246 |t BK |y 0 | ||
| 852 | |a INST |b CHIOS |c EUDOXUS |e 20190206 |h 339 ABE |p 005200038575 |q 005200038575 |t BK |y 0 | ||
| 852 | |a INST |b CHIOS |c EUDOXUS |e 20190206 |h 339 ABE |p 005200038576 |q 005200038576 |t BK |y 0 | ||
| 852 | |a INST |b SAMOS |c EUDOXUS |e 20220531 |h 339 ΑΒΕ |p 005300046894 |q 005300046894 |t EDX |y 0 | ||
| 852 | |a INST |b SAMOS |c EUDOXUS |e 20220119 |h 339 ΑΒΕ |p 005300047061 |q 005300047061 |t EDX |y 0 | ||
| 920 | |a Εύδοξος |b Παραγγελία |y Χίος-ΤΝΕΥ |z 2019-02 | ||
| 920 | |a Εύδοξος |b Παραγγελία |y Σάμος-ΤΣΑΧΜ |z 2022-01 | ||
| 920 | |a Εύδοξος |b Παραγγελία |y Σάμος-ΤΣΑΧΜ |z 2022-05 | ||
| 970 | |a Σπέντζα |b Ελένη |z 18-10-2017 | ||